Actas pedagógicas (Record no. 59302)

MARC details
000 -CABECERA
campo de control de longitud fija 00540nam a2200193 a 4500
003 - IDENTIFICADOR DEL NÚMERO DE CONTROL
campo de control DLC
005 - FECHA Y HORA DE LA ÚLTIMA TRANSACCIÓN
campo de control 20260325112815.0
008 - ELEMENTOS DE LONGITUD FIJA--INFORMACIÓN GENERAL
campo de control de longitud fija 260325c1996 ag|zr|p|r|||| 00| 0 spa d
035 ## - NÚMERO DE CONTROL DEL SISTEMA
Número de control de sistema UPN01000059302
040 ## - FUENTE DE LA CATALOGACIÓN
Centro catalogador/agencia de origen MX-MxUPN
Lengua de catalogación spa
Centro/agencia transcriptor MX-MxUPN
Normas de descripción aacr2
245 10 - MENCIÓN DE TÍTULO
Título Actas pedagógicas
260 ## - PUBLICACIÓN, DISTRIBUCIÓN, ETC.
Lugar de publicación, distribución, etc. Argentina :
Nombre del editor, distribuidor, etc. Universidad Nacional del Comahue. Facultad de Ciencias de la Educación,
Fecha de publicación, distribución, etc. 1996-
310 ## - FRECUENCIA ACTUAL DE LA PUBLICACION
Periodicidad actual Irregular
362 0# - FECHAS DE PUBLICACIÓN Y/O DESIGNACIÓN SECUENCIAL
Fecha de publicación y/o designación secuencial 1996 1 (1)
653 0# - TERMINO DE INDIZACION - NO CONTROLADO
Término no controlado Pedagogía
902 ## - ELEMENTOS DE DATOS B LOCAL, LDB (RLIN)
Creó Gloria Jiménez/250326
905 ## - TIPO DE MATERIAL
Tipo de material Revista
942 ## - ELEMENTOS DE PUNTO DE ACCESO ADICIONAL (KOHA)
Tipo de ítem Koha Revista Impresa
Holdings
Estado de retiro Estado de pérdida Fuente del sistema de clasificación o colocación Estado dañado No para préstamo Código de colección Localización permanente Ubicación/localización actual Ubicación en estantería Enumeración/cronología de publicación seriada Total de préstamos Código de barras Fecha visto por última vez Número de copia Tipo de ítem Koha
    Library of Congress Classification   Disponible (Préstamo en sala) Revistas Bib. Gregorio Torres Quintero Bib. Gregorio Torres Quintero Hemeroteca Sótano Año 1, no. 1 (1996 feb.)   5930210 31/12/2020 1 Revista Impresa